Tabela złotej piłki 2022 - Statystyki

Ogólne statystyki
  • Ten quiz został rozwiązany 92 razy
  • Średni wynik to 9 z 15
Statystyki odpowiedzi
Miejsce Klub Nazwisko % Poprawnych
4 FC Barcelona Lewandowski
98%
1 Real Madryt Benzema
96%
6 PSG Mbappé
88%
5 Liverpool Salah
83%
3 Man City De Bruyne
70%
10 Man City Haaland
69%
9 Real Madryt Modrić
66%
11 Tottenham Son
66%
2 Bayern Monachium Mané
64%
14 AC Milan Leão
50%
7 Real Madryt Courtois
48%
8 Real Madryt Vinicius JR
38%
12 Man City Mahrez
20%
15 Liverpool Fabinho
14%
13 Borussia Dortmund Haller
10%
Nie znaleziono quizów pasujących do podanych kryteriów
Rozkład punktacji
Procent ludzi z każdym wynikiem
Percentyl według liczby udzielonych odpowiedzi
Twoja historia wyników
Nie rozwiązałeś tego quizu